Dioses mitológicos

保存先:
書誌詳細
第一著者: Padilla, M.R
フォーマット: 図書
言語:Undetermined
出版事項: Madrid, España Edimat Libros 1999
主題:
タグ: タグ追加
タグなし, このレコードへの初めてのタグを付けませんか!

MARC

LEADER 00000nam a2200000Ia 4500
008 170316s9999 xx 000 0 und d
090 |a 291 P-2d 
100 |a Padilla, M.R. 
245 |a Dioses mitológicos 
260 |a Madrid, España 
260 |b Edimat Libros 
260 |c 1999 
300 |a 192 páginas 
650 |a MITOLOGÍA 
999 |c 18151  |d 18151 
040 |a cru BVZT 
942 |c 15 D  |h 291 P-2d  |2 z